|
|
|
|
| LEADER |
00000cam a2200000 7i4500 |
| 001 |
0000002526 |
| 005 |
20170314093000.0 |
| 008 |
021118s2004 |
| 020 |
|
|
|a 0321193687 (pbk.)
|
| 090 |
0 |
0 |
|a QA76.9.O35
|b F695 2004
|
| 100 |
0 |
|
|a Fowler, Martin ,
|e author
|
| 245 |
1 |
0 |
|a UML distilled :
|b a brief guide to the standard object modeling language
|c Martin Fowler
|
| 250 |
|
|
|a 3rd ed
|
| 260 |
2 |
|
|a Boston :
|b Addison-Wesley ,
|c c2004
|
| 300 |
|
|
|a xxx, 175 p. :
|b ill. ;
|c 25 cm.
|
| 504 |
|
|
|a Includes bibliographical references (p. 161-165) and index
|
| 650 |
|
0 |
|a Computer software
|x Development
|
| 650 |
|
0 |
|a Object-oriented methods (Computer science)
|
| 650 |
|
0 |
|a UML (Computer science)
|
| 999 |
|
|
|a 1000105299
|b Book
|c OPEN SHELF (30 DAYS)
|e Tembila Campus
|